Central Library OPAC University of Rajshahi

The art of commercial correspondence / (Record no. 73588)

MARC details
000 -LEADER
fixed length control field 00690nam a2200241 4500
001 - CONTROL NUMBER
control field 73588
003 - CONTROL NUMBER IDENTIFIER
rucl marc code BD-RjUL
005 - DATE AND TIME OF LATEST TRANSACTION
control field 20211209082420.0
008 - FIXED-LENGTH DATA ELEMENTS--GENERAL INFORMATION
fixed length control field 170604s1954 bg ||||| b||| 001 0 eng d
035 ## - SYSTEM CONTROL NUMBER
System control number (BD-RjUL)73806
040 ## - CATALOGING SOURCE
Original cataloging agency BD-RjUL
Language of cataloging eng
Transcribing agency BD-RjUL
041 ## - LANGUAGE CODE
Language code of text/sound track or separate title eng
082 ## - DEWEY DECIMAL CLASSIFICATION NUMBER
Edition number 23
Classification number 741.6
Author mark and year CHA 1954
100 1# - MAIN ENTRY--PERSONAL NAME
Personal name Chowdhury , Badrul Haider
9 (RLIN) 217753
245 14 - TITLE STATEMENT
Title The art of commercial correspondence /
Statement of responsibility, etc. Badrul Haider Chowdhury
250 ## - EDITION STATEMENT
Edition statement 1st ed.
260 ## - PUBLICATION, DISTRIBUTION, ETC. (IMPRINT)
Place of publication, distribution, etc. Dhaka :
Name of publisher, distributor, etc. Bookman ;
Date of publication, distribution, etc. 1954.
300 ## - PHYSICAL DESCRIPTION
Pagination vii, 284 p. ;
Size 20 cm.
504 ## - BIBLIOGRAPHY, ETC. NOTE
Bibliography, etc Includes Bibliography and Index
650 ## - SUBJECT ADDED ENTRY--TOPICAL TERM
Topical term or geographic name as entry element Commercial art
9 (RLIN) 217754
Topical term or geographic name as entry element Drawing--Technique
9 (RLIN) 217755
942 ## - ADDED ENTRY ELEMENTS (KOHA)
Source of classification or shelving scheme Dewey Decimal Classification
Koha item type Books
Holdings
Lost status Source of classification or shelving scheme Damaged status Not for loan Collection code Permanent Location Current Location Shelving location Date acquired Source of acquisition Total Checkouts Full call number Date last seen Copy number Koha item type Cost, normal purchase price
  Dewey Decimal Classification   Not For Loan Non-fiction Central Library, University of Rajshahi Central Library, University of Rajshahi Reading Room 10/01/1962 Zeit   741.6 CHA 1954 04/06/2017 C-1 Books  
  Dewey Decimal Classification     Non-fiction Central Library, University of Rajshahi Central Library, University of Rajshahi   10/01/1962 Zeit   741.6 CHA 1954 04/06/2017 C-2 Books  
  Dewey Decimal Classification     Non-fiction Central Library, University of Rajshahi Central Library, University of Rajshahi   10/01/1962 Zeit   741.6 CHA 1954 04/06/2017 C-3 Books  
  Dewey Decimal Classification     Non-fiction Central Library, University of Rajshahi Central Library, University of Rajshahi   01/05/1955 U.B.D.   741.6 CHA 1954 07/02/2019 C-4 Books 3.12
  Dewey Decimal Classification     Non-fiction Central Library, University of Rajshahi Central Library, University of Rajshahi   11/02/2020     741.6 CHA 1954 11/02/2020 C-5 Books